Statistics for Grisha Universe - Leigh Bardugo

Click here to take the quiz!

General Stats

  • This quiz has been taken 150 times
  • The average score is 32 of 96

Answer Stats

Character descriptionsAnswer% Correct
The sun summonerAlina Starkov
99%
A former soldier of the First Army and a gifted tracker, husband of ^Malyen Oretsev
97%
King of Ravka aka SturmhondNikolai Lantsov
94%
A member of the Grisha Triumvirate, the leader of the EtherealkiZoya Nazyalensky
88%
A Tailor and a member of the Grisha TriumvirateGenya Safin
86%
Current leader of the Dregs aka DirtyhandsKaz Brekker
85%
Zemeni-born sharpshooter, a member of The DregsJesper Fahey
83%
Former leader of the dregsPer Haskell
83%
A Heartrender from Ravka who joined the Dregs aka CorpsewitchNina Zenik
82%
A suli-born dregs spyInej Ghafa
81%
A Durast and a member of the Grisha Triumvirate, husband of ^David Kostyk
79%
A member of the dregs, specialises in demolitions, aka MerchlingWylan Van Eck
78%
Former Drüskelle from Fjerda, was imprisoned in HellgateMatthias Helvar
77%
A rich mercher from Ketterdam, father of ^Jan Van Eck
71%
A living amplifier, is able to summon darknessBaghra Morozova
70%
A Shu chemist who created jurda paremBo Yul-Bayur
67%
A Heartrender, A member of Nikolai Lantsov's personal guard, Sister of ^Tamar Yul-Bataar
67%
Older brother of ^Jordie Rietveld
65%
A Squaller, wife of ^Nadia Zhabin
65%
An inferni, son of ^Kuwei Yul-Bo
64%
The leader of the Dime Lions aka Jakob HertzoonPekka Rollins
63%
A Heartrender, A member of Nikolai Lantsov's personal guardTolya Yul-Bataar
63%
Grisha leader of the Second Army, The DarklingAleksander Morozova
61%
Wife of ^Alys Van Eck
61%
The Kaelish father of ^Colm Fahey
59%
Is obsessed with collecting Amplifiers, father of ^Ilya Morozova
55%
A stadwatch guard, the first chapter is from his perspectiveJoost
53%
An Inferni who lived at the Little Palace, friend of the Sun SummonerMarie
53%
The commander of the DrüskelleJarl Brum
50%
The priest and spiritual advisor at the Little PalaceThe Apparat
46%
The eldest of the princes of RavkaVasily Lantsov
46%
A Zemini Fabrikator, wife of ^Aditi Hilli
45%
A Squaller, younger brother of ^Adrik Zhabin
45%
Former King of RavkaAlexander Lantsov III
45%
A Corporalki Healer, daughter of ^Hanne Brum
43%
The housekeeper at Duke Keramsov's estate at KeramzinAna Kuya
42%
A devoted follower of the Darkling, the leader of Cult of the Starless SaintYuri Vedenen
40%
A Grisha Fabrikator indentured to Councilman HoedeYuri
39%
The owner of The Menagerie aka Tante HeleenHeleen Van Houden
38%
One of the Darkling's most favored Grisha, possesses an amplifyerIvan
37%
The cat of ^Oncat
37%
A member of the Second Army, her life was saved by Aditi HilliLeoni
36%
A junior cartographer's assistant, killed by VolcraAlexei
33%
A Kaelish Etherealki Inferni, killed in the battle of the Shadow FoldHarshaw
33%
A Heartrender who resided at the Little Palace, boyfriend of ^Sergei Beznikov
32%
The instructor for combat training classes at the Little PalaceBotkin Yul-Erdene
26%
A Grisha Healer indentured to Councilman HoedeAnya
25%
A Ravkan assassin trained at Ahmrat Jen aka the White BladeDunyasha Lazareva
25%
The Shu princess, fiancée of Sturmhond aka Mayu Kir-KaatEhri Kir-Taban
25%
A soldier who works at the Little PalaceFedyor Kaminsky
25%
A young boy who helps BaghraMisha
25%
Son of ^Alby Rollins
23%
A member of the Dregs and was also a former naval officerSpecht
23%
Claimed insane, bioligcal mother of MerchlingMarya Hendriks
21%
Nikolai Lantsov's childhood friend, he died during the battle of HalmhendDominik
19%
A Squaller indentured to Councilman HoedeEmil Retvenko
19%
A Fjerdan trader, Biological father of ^Magnus Opjer
19%
A soldier in the first army, killed by FjerdansDubrov
15%
Daughter of ^Hanna Smeet
15%
A lieutenant of the Black TipsGeels
14%
A First Army soldier, interested in Languages, friend of Nikolai LantsovIsaak Andreyev
13%
A bouncer at the Crow Club, a spy for the Black Tips aka Big BolBolliger
12%
A sildroher or mermaid, half-sister of ^Ulla Morozova
11%
A member of The Dregs who takes Matthias' place in HellgateMuzzen
10%
A soldier in the first army, killed by FjerdansMikhael
9%
A lawyer in Ketterdam who represents Jan Van EckCornelis Smeet
8%
A Grisha Tidemaker who is indentured to Jan Van EckMikka
8%
Mother of ^Ylva Brum
8%
The younger sister of ^Liliyana Garin
7%
King of Shu, Father of ^Makhi Kir-Taban
7%
Mother of the leader of the EtherealkiSabina Garin
7%
One of Ravkan Church SaintsSankta Lizabeta
6%
Alys Van Eck's music teacherAdem Bajan
5%
The young man involved in the projects at LazlayonCount Kirigin
5%
Girlfriend of ^Elise
5%
Father of ^Johannus Rietveld
5%
Adoptive niece of ^Lada Garin
5%
A Suli Fabrikator in the second armyPaja
5%
A freelance demolitions expert and a member of the DregsRaske
5%
Once a warrior and bested dragon which is part of the Ravkan fairytaleSankt Juris
5%
The point of view character in the first chapter of King of ScarsDima
4%
Son of ^Ludovic
2%
The chief procurer for the House of the White RoseOnkle Felix
2%
A member of The Dregs, who is the new 'spider'Roeder
2%
Younger sister of ^Belka Andreyev
1%
Sister of ^Ludmilla
1%
Someone from Zoya's pastLusha
1%
Former Queen of Ravka, wife of ^Queen of Ravka
1%
A member of the DregsBastian
0%
A rich mercher from Kerch, a member of the Merchant CouncilCouncilman Hoede
0%
A Count in King of ScarsCount Zerov
0%
Father of ^Elder Count Kirigin
0%
A Squaller from Fjerda who resides at the Little PalaceEskil
0%
A junior cartographer's assistantEva
0%
Daughter of ^Linnear Opjer
0%
Younger sister of ^Peyta Andreyev
0%

Score Distribution

Percentile by Number Answered

Percent of People with Each Score

Your Score History

You have not taken this quiz